[Event "Niedersachsen-ch op B"]
[Site "Verden"]
[Date "2019.01.04"]
[Round "3"]
[White "Newerla, Alfred"]
[Black "Gerdes, Jannes"]
[Result "1-0"]
[WhiteElo "1616"]
[BlackElo "1639"]
[PlyCount "127"]
[EventDate "2019.01.03"]
[EventType "swiss"]
[EventRounds "7"]
[EventCountry "GER"]
[SourceTitle "EXT 2022"]
[Source "ChessBase"]
[SourceDate "2021.10.06"]
[SourceVersion "1"]
[SourceVersionDate "2021.10.06"]
[SourceQuality "1"]

1. d4 d5 2. c4 c6 3. e3 g6 4. Nc3 Bg7 5. Nf3 Nf6 6. Be2 Nbd7 7. 0-0 0-0 8. Bd2 dxc4 9. Bxc4 b5 10. Bd3 Qb6 11. Rc1 Bb7 12. a4 b4 13. Na2 a5 14. Bc4 c5 15. b3 Ne4 16. dxc5 Ndxc5 17. Qc2 Rac8 18. Rfd1 Nd6 19. Be1 Bxf3 20. gxf3 Nxc4 21. Qxc4 Rc7 22. Qc2 Rfc8 23. Qb1 Qe6 24. Rc4 Nxb3 25. Rxc7 Rxc7 26. Rd8+ Bf8 27. Qd3 Nc5 28. Rxf8+ Kxf8 29. Qd8+ Kg7 30. Qxc7 Nd3 31. Bc3+ bxc3 32. Qxc3+ Qe5 33. Qxd3 Qa1+ 34. Kg2 Qxa2 35. Qc3+ f6 36. Qxa5 g5 37. Qb4 Kf7 38. a5 h5 39. h3 f5 40. Qb5 Qc2 41. a6 g4 42. hxg4 hxg4 43. Qd5+ e6 44. Qb7+ Kg6 45. fxg4 Qe2 46. gxf5+ exf5 47. Qb6+ Kh5 48. Qd6 Qg4+ 49. Kf1 Qc4+ 50. Ke1 Qc3+ 51. Ke2 Qc2+ 52. Qd2 Qc4+ 53. Qd3 Qg4+ 54. Kd2 Qb4+ 55. Kd1 Qa4+ 56. Ke1 Qa5+ 57. Ke2 Kg5 58. f4+ Kg4 59. Kf2 Kh4 60. Qe2 Qc7 61. Kg1 Qg7+ 62. Qg2 Qa1+ 63. Kh2 Qf6 64. Qh3# 1-0

[Event "Niedersachsen-ch Seniors 51st"]
[Site "Handeloh"]
[Date "2017.06.24"]
[Round "7"]
[White "Newerla, Alfred"]
[Black "Dunker, Lueder"]
[Result "1-0"]
[WhiteElo "1617"]
[BlackElo "1412"]
[PlyCount "125"]
[EventDate "2017.06.18"]
[EventType "swiss"]
[EventRounds "7"]
[EventCountry "GER"]
[SourceTitle "EXT 2023"]
[Source "ChessBase"]
[SourceDate "2022.10.05"]
[SourceVersion "1"]
[SourceVersionDate "2022.10.05"]
[SourceQuality "1"]

1. Nf3 c5 2. c4 e6 3. g3 Nf6 4. Bg2 Be7 5. d3 Nc6 6. 0-0 0-0 7. b3 d5 8. Bb2 d4 9. Nbd2 Qc7 10. Re1 e5 11. a3 a5 12. Qc2 Bf5 13. Nh4 Bg6 14. Nxg6 fxg6 15. Ne4 Ng4 16. h3 Nh6 17. Bc1 Nf5 18. Ng5 Bxg5 19. Bxg5 Rae8 20. e4 Nd6 21. Rf1 h6 22. Bd2 Rc8 23. Qd1 Qf7 24. f4 Qe7 25. Qg4 Rce8 26. Qxg6 Rf6 27. Qg4 exf4 28. Bxf4 Ne5 29. Bxe5 Qxe5 30. Rxf6 Qxf6 31. Rf1 Qe5 32. Qf4 b5 33. Qxe5 Rxe5 34. Bf3 b4 35. Ra1 Nf7 36. Kg2 Kf8 37. axb4 cxb4 38. Bg4 Nd8 39. Bd7 Ke7 40. Bb5 Nb7 41. Kf3 Nc5 42. Rxa5 Nxb3 43. Ra7+ Kf8 44. Ra8+ Ke7 45. Ra4 Nc5 46. Rxb4 Nxd3 47. Rb1 Nc5 48. Bc6 Re6 49. Bd5 Rf6+ 50. Ke2 Ra6 51. Rd1 Ra2+ 52. Kf3 Ra3+ 53. Kf2 d3 54. Rd2 Rc3 55. Ke3 Rc2 56. Rxc2 dxc2 57. Kd2 c1Q+ 58. Kxc1 Nd3+ 59. Kd2 Nf2 60. h4 Kd6 61. Ke3 Ng4+ 62. Kf4 Nf6 63. e5+ 1-0

[Event "Niedersachsen-ch Seniors 51st"]
[Site "Handeloh"]
[Date "2017.06.19"]
[Round "2"]
[White "Koloski, Brigitta"]
[Black "Newerla, Alfred"]
[Result "0-1"]
[WhiteElo "1057"]
[BlackElo "1617"]
[PlyCount "76"]
[EventDate "2017.06.18"]
[EventType "swiss"]
[EventRounds "7"]
[EventCountry "GER"]
[SourceTitle "EXT 2023"]
[Source "ChessBase"]
[SourceDate "2022.10.05"]
[SourceVersion "1"]
[SourceVersionDate "2022.10.05"]
[SourceQuality "1"]

1. Nf3 d5 2. d4 e6 3. c3 Nf6 4. Bg5 Be7 5. Nbd2 Nbd7 6. e3 c5 7. Bb5 0-0 8. Bxd7 Nxd7 9. Bxe7 Qxe7 10. 0-0 b6 11. Re1 Bb7 12. a3 Nf6 13. Ne5 Rfd8 14. Ndf3 Ne4 15. Qc2 Rac8 16. h3 f6 17. Ng4 h5 18. Ngh2 e5 19. Nh4 Qf7 20. Qe2 exd4 21. exd4 Nd6 22. Qe6 cxd4 23. cxd4 Rc2 24. b4 Ne4 25. Qxf7+ Kxf7 26. f3 Ng3 27. Nf1 Ne2+ 28. Kh2 Nxd4 29. Ne3 g5 30. Nhf5 Nxf3+ 31. Kg3 Nxe1 32. Rxe1 Rc3 33. Kf2 d4 34. Nd1 Rc2+ 35. Re2 Rxe2+ 36. Kxe2 Bxg2 37. Nb2 Bxh3 38. Ng3 h4 0-1

[Event "Niedersachsen-ch op-B"]
[Site "Verden"]
[Date "2016.01.04"]
[Round "3"]
[White "Newerla, Alfred"]
[Black "Schiller, Jan Hendrik"]
[Result "0-1"]
[WhiteElo "1683"]
[BlackElo "1754"]
[PlyCount "52"]
[EventDate "2016.01.03"]
[EventType "swiss"]
[EventRounds "7"]
[EventCountry "GER"]
[SourceTitle "EXT 2018"]
[Source "ChessBase"]
[SourceDate "2017.10.13"]
[SourceVersion "1"]
[SourceVersionDate "2017.10.13"]
[SourceQuality "1"]

1. e4 c6 2. d4 d5 3. Nc3 dxe4 4. Nxe4 Bf5 5. Ng3 Bg6 6. Nf3 Nf6 7. Bd3 Bxd3 8. Qxd3 e6 9. 0-0 Be7 10. Be3 0-0 11. Rad1 Nbd7 12. c4 Qc7 13. Qc2 Rfd8 14. a3 a5 15. Rfe1 Nb6 16. Qc1 c5 17. dxc5 Bxc5 18. Bxc5 Qxc5 19. b3 a4 20. Rxd8+ Rxd8 21. Rd1 Rxd1+ 22. Qxd1 Nbd7 23. Ne4 Nxe4 24. Qxd7 Qxf2+ 25. Kh1 Qf1+ 26. Ng1 Nf2# 0-1

[Event "Niedersachsen-ch Seniors 49th"]
[Site "Wesel Undeloh"]
[Date "2015.07.20"]
[Round "2"]
[White "Merettig, Georg"]
[Black "Newerla, Alfred"]
[Result "1/2-1/2"]
[WhiteElo "1707"]
[BlackElo "1866"]
[PlyCount "95"]
[EventDate "2015.07.19"]
[EventType "swiss"]
[EventRounds "7"]
[EventCountry "GER"]
[SourceTitle "EXT 2018"]
[Source "ChessBase"]
[SourceDate "2017.10.13"]
[SourceVersion "1"]
[SourceVersionDate "2017.10.13"]
[SourceQuality "1"]

1. Nc3 Nf6 2. f4 d5 3. e3 g6 4. Nf3 Bg7 5. Ne2 c5 6. Ng3 0-0 7. c3 Nc6 8. Bb5 Qb6 9. a4 a6 10. Bd3 c4 11. Bc2 Re8 12. f5 e5 13. fxg6 fxg6 14. 0-0 e4 15. Nd4 Bg4 16. Qe1 Ne5 17. h3 Bd7 18. b3 Nd3 19. Qd1 Qc7 20. Nde2 Nxc1 21. Rxc1 b5 22. Nf4 Qd6 23. b4 Rf8 24. Ra1 g5 25. Nfe2 h6 26. Nf5 Bxf5 27. Rxf5 Nd7 28. Rxf8+ Rxf8 29. axb5 axb5 30. Ra5 Rb8 31. Nd4 Bxd4 32. exd4 Qf4 33. Qe2 Nf6 34. Qf2 Qxf2+ 35. Kxf2 Kg7 36. Bd1 Rb6 37. Kg3 Kg6 38. h4 h5 39. hxg5 Kxg5 40. Kh3 e3 41. dxe3 Ne4 42. Bf3 Nxc3 43. Ra3 Ne4 44. Ra8 Nf6 45. Rc8 Re6 46. Rc5 Rxe3 47. Rxb5 Rd3 48. Rc5 1/2-1/2

[Event "Niedersachsen-ch Seniors 47th"]
[Site "Sottrum"]
[Date "2013.03.09"]
[Round "2"]
[White "Zotin, Vladimir"]
[Black "Newerla, Alfred"]
[Result "1-0"]
[WhiteElo "1846"]
[BlackElo "1751"]
[PlyCount "103"]
[EventDate "2013.03.09"]
[EventType "swiss"]
[EventRounds "7"]
[EventCountry "GER"]
[SourceTitle "EXT 2023"]
[Source "ChessBase"]
[SourceDate "2022.10.05"]
[SourceVersion "1"]
[SourceVersionDate "2022.10.05"]
[SourceQuality "1"]

1. e4 c5 2. c3 e6 3. d4 cxd4 4. cxd4 Bb4+ 5. Nc3 Ne7 6. Nf3 0-0 7. a3 Bxc3+ 8. bxc3 d5 9. Bd3 dxe4 10. Bxe4 Nd5 11. 0-0 Nf6 12. Bc2 Qc7 13. Qd3 Nbd7 14. Bg5 h6 15. Bh4 b6 16. Bg3 Qd8 17. Rfe1 Bb7 18. Ne5 Qc8 19. Bh4 Ba6 20. Qd2 Re8 21. Nxd7 Nxd7 22. Re3 Nf8 23. Rae1 Qd7 24. f4 Bc4 25. Qf2 f5 26. h3 Ng6 27. g4 Nxh4 28. Qxh4 Qf7 29. gxf5 exf5 30. Re5 Qg6+ 31. Kf2 Rxe5 32. Rxe5 Re8 33. Bxf5 Qc6 34. Qg4 Rf8 35. Ke3 Bf7 36. Kd2 Qc4 37. Bc2 Qa2 38. Qf5 g6 39. Qf6 Qxc2+ 40. Kxc2 Bb3+ 41. Kxb3 Rxf6 42. Re4 Kf7 43. c4 Rf5 44. Kb4 Rh5 45. c5 bxc5+ 46. dxc5 a5+ 47. Kb5 Rxh3 48. a4 Rc3 49. Kb6 h5 50. c6 h4 51. c7 h3 52. Re3 1-0

[Event "Niedersachsen-ch op-C"]
[Site "Verden"]
[Date "2013.01.06"]
[Round "7"]
[White "Newerla, Alfred"]
[Black "Moenster, Madita"]
[Result "1/2-1/2"]
[WhiteElo "1566"]
[BlackElo "1289"]
[PlyCount "39"]
[EventDate "2013.01.03"]
[EventType "swiss"]
[EventRounds "7"]
[EventCountry "GER"]
[SourceTitle "EXT 2021"]
[Source "ChessBase"]
[SourceDate "2020.10.23"]
[SourceVersion "1"]
[SourceVersionDate "2020.10.23"]
[SourceQuality "1"]

1. d4 Nf6 2. c4 e6 3. Nc3 Bb4 4. a3 Bxc3+ 5. bxc3 0-0 6. Nf3 d5 7. Bg5 Nbd7 8. e3 b6 9. cxd5 exd5 10. Bd3 Re8 11. 0-0 c5 12. Qc2 h6 13. Bh4 Qc7 14. Bg3 Qd8 15. h3 Bb7 16. Rfe1 Rc8 17. Qb2 Nh5 18. Bh2 Nhf6 19. Rac1 Qe7 20. Nd2 1/2-1/2

[Event "Niedersachsen-ch op-C"]
[Site "Verden"]
[Date "2013.01.03"]
[Round "1"]
[White "Newerla, Alfred"]
[Black "Brinkers, Niklas"]
[Result "1/2-1/2"]
[WhiteElo "1566"]
[BlackElo "1220"]
[PlyCount "46"]
[EventDate "2013.01.03"]
[EventType "swiss"]
[EventRounds "7"]
[EventCountry "GER"]
[SourceTitle "EXT 2021"]
[Source "ChessBase"]
[SourceDate "2020.10.23"]
[SourceVersion "1"]
[SourceVersionDate "2020.10.23"]
[SourceQuality "1"]

1. d4 f5 2. c4 Nf6 3. Nc3 e6 4. g3 d5 5. cxd5 exd5 6. Bg2 c6 7. Nf3 Bd6 8. 0-0 0-0 9. a3 Qe8 10. e3 Nbd7 11. Qc2 Ne4 12. Ne1 g5 13. f3 Nxc3 14. Qxc3 f4 15. exf4 gxf4 16. Bxf4 Bxf4 17. gxf4 Rxf4 18. Qd2 Rf7 19. Nd3 Rg7 20. Rae1 Qg6 21. Kh1 Nf6 22. Rg1 Qh5 23. Qf4 Bf5 1/2-1/2